Normal view
MARC view
Entry Personal Name
001 - CONTROL NUMBER
- control field: 11183
003 - CONTROL NUMBER IDENTIFIER
- control field: BD-RjUL
005 - DATE AND TIME OF LATEST TRANSACTION
- control field: 20240128143235.0
008 - FIXED-LENGTH DATA ELEMENTS
- fixed length control field: 240128|| aca||aabn | a|a d
040 ## - CATALOGING SOURCE
- Original cataloging agency: BD-RjUL
- Transcribing agency: BD-RjUL
100 ## - HEADING--PERSONAL NAME
- Personal name: Habibullah, A.B.M
670 ## - SOURCE DATA FOUND
- Source citation: Work cat.: (BD-RjUL)82818: Habibullah, A.B.M, Descriptive Catalogue of The Persian Urdu &Arabic Manuscripts in the Dacca University Library /